00365nam a22001457a 450000500170000001000130001702000220003003500130005203700200006508200080008510000230009324500450011626000370016130000210019820190513120053.0 aB-088302 a8126015632c60.00 aB-088302 bSahitya Akademi a881 aSivarudrappa, G.S. aBetween you and me /cG.S. Sivarudrappa. aNew DelhibSahitya Akademic2003 a110pc21cm (hbk)